Science Fiction Authors Quiz Stats

 Plays Quiz Updated Jan 3, 2012

Score 0/20 Timer 05:00
0 Plays Today
Title Author % Correct
The Time MachineH.G. Wells
86.2%
Journey to the Center of the EarthJules Verne
72.7%
FoundationIsaac Asimov
65.1%
DuneFrank Herbert
56.9%
The Martian ChroniclesRay Bradbury
52.8%
2001: A Space OdysseyArthur C. Clarke
51.1%
Do Androids Dream of Electric Sheep?Philip K. Dick
50.8%
Ender's GameOrson Scott Card
49.9%
Battlefield EarthL. Ron Hubbard
40%
Starship TroopersRobert A. Heinlein
38.4%
Title Author % Correct
NeuromancerWilliam Gibson
26.2%
RingworldLarry Niven
23.1%
Snow CrashNeal Stephenson
18.2%
The Lathe of HeavenUrsula K. Le Guin
17.1%
I Have No Mouth and I Must Scream (Short story)Harlan Ellison
13.5%
Red MarsKim Stanley Robinson
11.6%
A Canticle for LeibowitzWalter M. Miller, Jr
9.6%
The Stars My DestinationAlfred Bester
9.4%
The Einstein IntersectionSamuel R. Delany
4.1%
Bicycle Repairman (Short story)Bruce Sterling
2.8%

You're not logged in!

Compare scores with friends on all Sporcle quizzes.
OR
Log In

Sporcle TV

Today on Sporcle TV


Watch our educational content, quiz creation guides, and fun videos on Sporcle TV.

Show Comments

Extras

Top Quizzes Today


Score Distribution

Your Account Isn't Verified!

In order to create a playlist on Sporcle, you need to verify the email address you used during registration. Go to your Sporcle Settings to finish the process.

Report this User

Report this user for behavior that violates our Community Guidelines.

Details: